Exchange rate policy and wage formation in an economy with many trade unions.

Analýza vzájomného pôsobenia formovania miezd a stanovovania výmenných kurzov v ekonomikách s mnohými odborovými zväzmi. Politika výmenných kurzov ako aktívna súčasť hospodárskej politiky mnohých vlád od doby pádu Bretton-Woodskeho systému. Otázka devalvácie ako prostriedku zvyšovania konkurenciesch...

Description complète

Enregistré dans:
Détails bibliographiques
Auteur principal: Holden, S.
Format: Chapitre de livre
Langue:anglais
Sujets:
Tags: Ajouter un tag
Pas de tags, Soyez le premier à ajouter un tag!

MARC

LEADER 00000naa a2200000 4500
001 r007510
005 20221130103111.8
041 0 |a eng 
044 |a NL 
245 1 0 |a Exchange rate policy and wage formation in an economy with many trade unions.  |c S. Holden 
520 |a Analýza vzájomného pôsobenia formovania miezd a stanovovania výmenných kurzov v ekonomikách s mnohými odborovými zväzmi. Politika výmenných kurzov ako aktívna súčasť hospodárskej politiky mnohých vlád od doby pádu Bretton-Woodskeho systému. Otázka devalvácie ako prostriedku zvyšovania konkurencieschopnosti krajiny. 
610 2 0 |a politika mzdová 
610 2 0 |a kurz výmenný 
610 2 0 |a odbory 
610 2 0 |a politika hospodárska 
610 2 0 |a dohody Bretton-Woodske 
610 2 0 |a devalvácia 
610 2 0 |a konkurencieschopnosť 
100 1 |a Holden, S.